000 00337nam a22001457a 4500
008 230706b ||||| |||| 00| 0 eng d
020 _a9781617317538
041 _aeng
080 _a34
082 _a34SAL
100 _a32
101 _aJURE
245 _aEXPLORING PHYSICAL SCIENCE IN THE LABORATORY
_cSALINAS.T.J
942 _2udc
_cBK
999 _c60101
_d60101